[Event "FIDE Women World Blitz 2021"]
[Site "Warsaw"]
[Date "2021.12.30"]
[Round "17.39"]
[White "Cyfka, Karina"]
[Black "Kucharska, Honorata"]
[Result "1-0"]
[WhiteElo "2416"]
[BlackElo "2168"]
[Annotator "NA"]
[PlyCount "101"]
[EventDate "2021.12.29"]
[EventType "swiss"]
[EventCountry "POL"]
[Tiebreak "Cut1 Buchholz"]
[SourceTitle "playchess.com"]
[Source "ChessBase"]
[SourceQuality "1"]

1. Nf3 Nf6 2. e3 d5 3. c4 e6 4. b3 c5 5. Bb2 Nc6 6. d3 Be7 7. Be2 O-O 8. O-O b6
9. Nbd2 Bb7 10. cxd5 exd5 11. d4 Bd6 12. Bd3 Qe7 13. Rc1 Rac8 14. Re1 Ne4 15.
Nf1 Rfd8 16. Ng3 Nb4 17. Bb1 Bxg3 18. hxg3 c4 19. Ba3 a5 20. Ne5 c3 21. Bxe4
dxe4 22. Nc4 Qe6 23. Qe2 Nd3 24. Rc2 Nxe1 25. Qxe1 Bd5 26. Rxc3 Bxc4 27. bxc4
Rxc4 28. Rb3 Qc6 29. Rb1 a4 30. Qe2 b5 31. Bc5 h6 32. g4 Rxc5 33. dxc5 Rd3 34.
Qc2 a3 35. g3 g6 36. Kg2 Kh7 37. Rh1 b4 38. Rb1 b3 39. Rxb3 Rxb3 40. Qxb3 Qxc5
41. Qxf7+ Kh8 42. Qe8+ Kh7 43. Qxe4 Qc3 44. Qb7+ Kg8 45. Qd5+ Kh7 46. e4 Qb2
47. e5 Qb4 48. e6 Kg7 49. Qe5+ Kg8 50. e7 Qb7+ 51. Kh2 1-0